| 000 | 00825 a2200229 4500 | ||
|---|---|---|---|
| 001 | 200026050 | ||
| 999 |
_c200026050 _d41775 |
||
| 003 | TR-AnTOB | ||
| 005 | 20230828170256.0 | ||
| 008 | 161202c19839999xxumr0p 0 0 | ||
| 022 | 0 | _a07378939 | |
| 040 | _aTR-AnTOB | ||
| 041 | _aeng | ||
| 090 | _aJOURNAL-PCW | ||
| 099 | _aJOURNAL - PCW | ||
| 245 | 0 | _aPC World | |
| 260 |
_aSAN FRANCISCO: _bPCW COMMUNICATIONS, _c1983 |
||
| 300 |
_av. : _bill. _c26 cm |
||
| 310 | _aMonthly | ||
| 500 | _aA source of information on how to select, buy, and use computer products and services for home and business. It's full of award-winning articles, monthly Top 100 PC and product rankings, evaluations from the PC World Test Center, tips, how-tos, consumer advice, step-by-step guides, and more. | ||
| 650 | 0 |
_aIBM Personal Computer _vPeriodicals _973622 |
|
| 942 | _cCR | ||